000 01135aam a2200325 i 4500
999 _c33036
_d33036
001 768714001
003 CO-MdFUSB
005 20190202100418.0
008 180627b sp||||| |||| 00| 0 spa d
020 _a84-8267-206-1
040 _aCO-MdFUSB
_bspa
_cCO-MdFUSB
_dCO-MdFUSBC
_erda
041 0 _aspa
082 0 4 _a270.092
_220
_b R748o
245 0 3 _aLo mejor de Tertuliano.
_c/ Tertuliano ; Alfonso Ropero, Compilador
264 1 _aTerrassa, Barcelona, España :
_bClie,
_c[2001]
264 4 _c©2001
300 _a335 Páginas
_c; 24 cm.
336 _atexto
_btxt
_2rdacontent
337 _2rdamedia
_asin mediación
_bn
338 _2rdacarrier
_avolumen
_bnc
490 _aGrandes Autores de la Fe
490 _aPatrística
505 _t Apología contra los gentiles.
_tExhortación a los mártires.
_t La virtud de la paciencia.
_tLa respuesta a los judíos
563 _aPasta dura.
600 0 0 _aTertuliano,
_dca.160 - 230 d.C.
_vobras.
650 7 _aIglesia
_xHistoria
_y(Iglesia primitiva), ca. 0030-0600
_2
_9659
650 7 _959
_aPadres de la Iglesia
700 1 _91287
_aRopero, Alfonso
_ecompilador
942 _cREF